000
00263nam a2200109Ia 4500
008
200302s9999 xx 000 0 und d
100
_a
Franca Santi Gualteri
245
_a
Abitare Annual 6
260
_b
Editrice Abitare Segesta
260
_c
1991
300
_a
293 P.,
999
_c
1456
_d
1456